[Event "MA7 Gruppe 3"]
[Site "Koge"]
[Date "2004.04.06"]
[Round "1"]
[White "Steenstrup, Svend"]
[Black "Christiansen, Erling Molbaek"]
[Result "1/2-1/2"]
[WhiteElo "1967"]
[BlackElo "1893"]
[PlyCount "83"]
[EventDate "2004.04.06"]
[EventType "tourn"]
[EventRounds "7"]
[EventCountry "DEN"]

1. e4 e5 2. f4 d5 3. exd5 e4 4. Nc3 Nf6 5. Bb5+ c6 6. dxc6 bxc6 7. Bc4 Bc5 8.
Nge2 O-O 9. d3 exd3 10. Qxd3 Qb6 11. Na4 Qa5+ 12. Nec3 Re8+ 13. Kf1 Bb4 14. a3
Bxc3 15. Nxc3 Rd8 16. Qe3 Ba6 17. Bxa6 Nxa6 18. Qf3 Nb4 19. g3 Nxc2 20. Rb1 Nd4
21. Qd3 Nb5 22. Qc4 Qb6 23. Na4 Qb7 24. Nc5 Qc7 25. Kg2 Rd4 26. Qc2 Rad8 27. a4
Nd6 28. b3 Nb7 29. Nxb7 Qxb7 30. Re1 Qb4 31. Re2 c5 32. Be3 Qb7+ 33. Kg1 Rd3
34. Rbe1 Rxb3 35. Bxc5 a6 36. Bd4 Rb4 37. Bxf6 gxf6 38. Qf5 Qb6+ 39. Kf1 Qc6
40. Qg4+ Kf8 41. Qh5 Kg7 42. Qg4+ 1/2-1/2

[Event "MA7 Gruppe 3"]
[Site "Koge"]
[Date "2004.04.06"]
[Round "1"]
[White "Gronhoj, Benny"]
[Black "Ronsted, Torben"]
[Result "1-0"]
[WhiteElo "1976"]
[BlackElo "1936"]
[PlyCount "65"]
[EventDate "2004.04.06"]
[EventType "tourn"]
[EventRounds "7"]
[EventCountry "DEN"]

1. e4 c6 2. d4 d5 3. Nc3 dxe4 4. Nxe4 Nd7 5. Bc4 Ngf6 6. Ng5 e6 7. Ne2 Nb6 8.
Bb3 c5 9. c3 h6 10. Nf3 c4 11. Bc2 Bd6 12. O-O Qc7 13. Ng3 Bd7 14. Qe2 Kf8 15.
Ne5 Bc6 16. Nxc6 Qxc6 17. Ne4 Nxe4 18. Bxe4 Qc7 19. g3 Rd8 20. Bd2 h5 21. h4
Nd7 22. Qf3 b6 23. Bg5 Re8 24. Bg6 Nf6 25. Bxf6 gxf6 26. Bxh5 f5 27. d5 exd5
28. Rae1 Re4 29. Qxf5 Bxg3 30. Rxe4 Bh2+ 31. Kh1 dxe4 32. Rd1 Rg8 33. Rd8+ 1-0

[Event "MA7 Gruppe 3"]
[Site "Koge"]
[Date "2004.04.06"]
[Round "1"]
[White "Linneboe, Rune"]
[Black "Nielsen, Thomas"]
[Result "1-0"]
[WhiteElo "1900"]
[BlackElo "1889"]
[PlyCount "97"]
[EventDate "2004.04.06"]
[EventType "tourn"]
[EventRounds "7"]
[EventCountry "DEN"]

1. Nf3 d5 2. e3 e6 3. c4 c5 4. d4 Nc6 5. Nc3 Nf6 6. Bd3 a6 7. O-O dxc4 8. Bxc4
b5 9. Bd3 Bb7 10. a4 b4 11. Ne4 cxd4 12. Nxf6+ Qxf6 13. exd4 h6 14. b3 Bd6 15.
Bb2 O-O 16. Qe2 Na5 17. Nd2 Qh4 18. g3 Qh3 19. f4 h5 20. Be4 Bxe4 21. Nxe4 Be7
22. Qf3 Qg4 23. Qe3 Rfc8 24. Rac1 Qf5 25. Nc5 Rc6 26. Nd3 Rac8 27. Rxc6 Rxc6
28. Ne1 Qd5 29. Rf3 Qf5 30. Qd3 Qd5 31. Re3 Qd7 32. Re5 Qc7 33. Rxh5 g6 34. Rh3
Bf6 35. d5 Rc3 36. Bxc3 Qxc3 37. Qxc3 Bxc3 38. dxe6 fxe6 39. Nd3 Nxb3 40. g4
Nd4 41. Nc1 Bd2 42. Nb3 Nxb3 43. Rxb3 Bxf4 44. Rxb4 Be3+ 45. Kg2 Kf7 46. Kf3
Bd2 47. Rb6 a5 48. Rb5 g5 49. Ke2 1-0

[Event "MA7 Gruppe 3"]
[Site "Koge"]
[Date "2004.04.07"]
[Round "2"]
[White "Christiansen, Erling Molbaek"]
[Black "Nielsen, Thomas"]
[Result "1/2-1/2"]
[WhiteElo "1893"]
[BlackElo "1889"]
[PlyCount "61"]
[EventDate "2004.04.06"]
[EventType "tourn"]
[EventRounds "7"]
[EventCountry "DEN"]

1. e4 c6 2. d4 d5 3. e5 Bf5 4. Bd3 Bxd3 5. Qxd3 e6 6. c3 Ne7 7. Na3 Qd7 8. f4
Na6 9. b4 Nc7 10. Nf3 a5 11. Nc2 Ng6 12. a3 Be7 13. O-O axb4 14. axb4 Rxa1 15.
Nxa1 O-O 16. Ng5 f6 17. exf6 Bxf6 18. Nf3 Nb5 19. Nc2 Nd6 20. g3 Ra8 21. Nd2 b6
22. Re1 Kf7 23. Ne3 Ra1 24. Nb3 Ra8 25. Nd2 Ra1 26. Rf1 Kg8 27. Qe2 Nb5 28. Qd3
Nd6 29. Nb3 Ra8 30. Nd2 Ra1 31. Nb3 1/2-1/2

[Event "MA7 Gruppe 3"]
[Site "Koge"]
[Date "2004.04.07"]
[Round "2"]
[White "Ronsted, Torben"]
[Black "Linneboe, Rune"]
[Result "1-0"]
[WhiteElo "1936"]
[BlackElo "1900"]
[PlyCount "79"]
[EventDate "2004.04.06"]
[EventType "tourn"]
[EventRounds "7"]
[EventCountry "DEN"]

1. d4 Nf6 2. c4 e6 3. Nc3 Bb4 4. e3 d5 5. Nge2 c5 6. a3 cxd4 7. axb4 dxc3 8.
bxc3 O-O 9. cxd5 Qxd5 10. Qxd5 exd5 11. Nf4 Nc6 12. Be2 Ne5 13. O-O Bf5 14. Rd1
Rfd8 15. b5 g5 16. Nd3 Nxd3 17. Bxd3 Bxd3 18. Rxd3 a6 19. bxa6 Rxa6 20. Rb1 Rd7
21. Rd4 Ne4 22. Bd2 Rc6 23. Rb3 Rc4 24. Be1 Rxd4 25. cxd4 Nd6 26. Kf1 b5 27.
Ke2 Ra7 28. Kf3 h5 29. Bb4 Ne4 30. Rb2 Ra6 31. Ke2 g4 32. f3 gxf3+ 33. gxf3 Rg6
34. Kd3 Ng5 35. e4 Nxf3 36. exd5 Rg4 37. Bc5 Ne1+ 38. Kc3 f5 39. d6 Rg7 40. Re2
1-0

[Event "MA7 Gruppe 3"]
[Site "Koge"]
[Date "2004.04.07"]
[Round "2"]
[White "Vedelfort, Tommy"]
[Black "Gronhoj, Benny"]
[Result "0-1"]
[WhiteElo "1907"]
[BlackElo "1976"]
[PlyCount "78"]
[EventDate "2004.04.06"]
[EventType "tourn"]
[EventRounds "7"]
[EventCountry "DEN"]

1. d4 e6 2. e4 c5 3. d5 d6 4. c4 Nf6 5. Nc3 Be7 6. Nf3 exd5 7. exd5 O-O 8. Qc2
Bg4 9. Be2 a6 10. O-O Nbd7 11. Re1 Re8 12. h3 Bxf3 13. Bxf3 Ne5 14. Be2 Nfd7
15. Bf4 Ng6 16. Bh2 Qc7 17. Bd3 Bf6 18. Ne4 Be5 19. Qd2 b5 20. Rac1 Rab8 21. b3
b4 22. Bxe5 Ndxe5 23. Bb1 Nh4 24. Re3 Qe7 25. Ng3 Qg5 26. Rf1 Nef3+ 27. gxf3
Nxf3+ 28. Rxf3 Qxd2 29. Nf5 Re1 30. Re3 Rxe3 31. Nxe3 Re8 32. Rd1 Qe2 33. Bd3
Qf3 34. Re1 Qxh3 35. Bf1 Qh4 36. Bg2 f5 37. Rf1 f4 38. Nf5 Qg5 39. Nxd6 f3 0-1

[Event "MA7 Gruppe 3"]
[Site "Koge"]
[Date "2004.04.07"]
[Round "2"]
[White "Steenstrup, Svend"]
[Black "Dahl Andersen, Henrik"]
[Result "1-0"]
[WhiteElo "1967"]
[BlackElo "1902"]
[PlyCount "67"]
[EventDate "2004.04.06"]
[EventType "tourn"]
[EventRounds "7"]
[EventCountry "DEN"]

1. e4 c5 2. Nf3 d6 3. d4 cxd4 4. Nxd4 Nf6 5. Nc3 a6 6. Bg5 e6 7. f4 Be7 8. Qf3
Qc7 9. O-O-O Nbd7 10. g4 b5 11. Bxf6 Nxf6 12. g5 Nd7 13. f5 Bxg5+ 14. Kb1 Ne5
15. Qh5 Qd8 16. Rg1 Bf6 17. fxe6 O-O 18. exf7+ Kh8 19. Nf5 g6 20. Rxg6 Nxg6 21.
Rxd6 Bd7 22. Nd5 Rxf7 23. Bh3 Ra7 24. Nh6 Rf8 25. Bf5 Bg7 26. a3 Qh4 27. Bxg6
Qe1+ 28. Ka2 hxg6 29. Rxg6 Be8 30. Nf5+ Kg8 31. Nde7+ Rxe7 32. Nxe7+ Kf7 33.
Rg1+ Kxe7 34. Qc5+ 1-0

[Event "MA7 Gruppe 3"]
[Site "Koge"]
[Date "2004.04.08"]
[Round "3"]
[White "Dahl Andersen, Henrik"]
[Black "Christiansen, Erling Molbaek"]
[Result "0-1"]
[WhiteElo "1902"]
[BlackElo "1893"]
[PlyCount "72"]
[EventDate "2004.04.06"]
[EventType "tourn"]
[EventRounds "7"]
[EventCountry "DEN"]

1. e4 e5 2. Nf3 Nc6 3. Bb5 Nd4 4. Nxd4 exd4 5. O-O Bc5 6. d3 Ne7 7. f4 O-O 8.
f5 f6 9. Qg4 Kh8 10. Nd2 c6 11. Ba4 d5 12. Nf3 dxe4 13. dxe4 Bd7 14. Kh1 Be8
15. Bf4 Bf7 16. e5 Nd5 17. Bd2 fxe5 18. Nxe5 Nf6 19. Qh4 Nd5 20. Bg5 Qd6 21.
Rae1 Ne3 22. Nxf7+ Rxf7 23. Bxe3 dxe3 24. c3 Qe5 25. Bc2 Rf6 26. Qf4 Qe7 27. b4
Bb6 28. a4 a6 29. a5 Ba7 30. g4 Qd6 31. g5 Qxf4 32. Rxf4 Rff8 33. Re2 Rad8 34.
Rg4 Kg8 35. Kg1 Rd2 36. Rgg2 Rxc2 0-1

[Event "MA7 Gruppe 3"]
[Site "Koge"]
[Date "2004.04.08"]
[Round "3"]
[White "Gronhoj, Benny"]
[Black "Steenstrup, Svend"]
[Result "0-1"]
[WhiteElo "1976"]
[BlackElo "1967"]
[PlyCount "104"]
[EventDate "2004.04.06"]
[EventType "tourn"]
[EventRounds "7"]
[EventCountry "DEN"]

1. e4 c5 2. Nf3 d6 3. d4 cxd4 4. Nxd4 Nf6 5. Nc3 g6 6. Be3 Bg7 7. Bc4 O-O 8. f3
Nc6 9. Qd2 Bd7 10. O-O-O Ne5 11. Bb3 Rb8 12. Bh6 b5 13. Bxg7 Kxg7 14. g4 Nc4
15. Qe2 Qa5 16. g5 Nh5 17. Ndxb5 Nxb2 18. Kxb2 Bxb5 19. Nxb5 Rxb5 20. Rd5 Rc5
21. Qe3 Rfc8 22. Rxc5 Qxc5 23. Qxc5 Rxc5 24. h4 Nf4 25. Rh2 f6 26. gxf6+ Kxf6
27. c4 Rh5 28. Kc3 Ne6 29. Bd1 Rh6 30. Kb4 Ke5 31. Kb5 Nc5 32. Kc6 Kd4 33. Be2
g5 34. h5 d5+ 35. Kc7 dxc4 36. Kd8 c3 37. Bd1 e5 38. Ke7 Ne6 39. Bb3 Nf4 40.
Rh1 Rxh5 41. Rd1+ Ke3 42. Rd6 Rh2 43. Rc6 Kxf3 44. Rxc3+ Kxe4 45. Rc4+ Kd3 46.
Kf6 e4 47. Kxg5 Ne6+ 48. Kg4 Nd4 49. Ra4 e3 50. Rxa7 e2 51. Re7 Rh4+ 52. Kg5
Nf3+ 0-1

[Event "MA7 Gruppe 3"]
[Site "Koge"]
[Date "2004.04.08"]
[Round "3"]
[White "Linneboe, Rune"]
[Black "Vedelfort, Tommy"]
[Result "1-0"]
[WhiteElo "1900"]
[BlackElo "1907"]
[PlyCount "97"]
[EventDate "2004.04.06"]
[EventType "tourn"]
[EventRounds "7"]
[EventCountry "DEN"]

1. e4 e6 2. d4 d5 3. Nc3 Bb4 4. e5 c5 5. Bd2 Bxc3 6. Bxc3 Qc7 7. f4 Ne7 8. Bd3
b6 9. a4 a5 10. Nf3 Ba6 11. O-O h6 12. Qd2 Bxd3 13. cxd3 Nbc6 14. Qf2 Nb4 15.
Bxb4 axb4 16. dxc5 bxc5 17. Rfc1 Rc8 18. Nd4 Qb6 19. Nb5 O-O 20. Nd6 Rc6 21. b3
Nc8 22. a5 Qa6 23. Rxc5 Nxd6 24. exd6 Rxd6 25. Qd4 Rb8 26. Ra4 Qb7 27. Qe5 Ra6
28. f5 Rc8 29. Qd4 Rxc5 30. Qxc5 Qa7 31. d4 Qxc5 32. dxc5 Kf8 33. fxe6 fxe6 34.
Rxb4 Rxa5 35. Rb8+ Ke7 36. Rb7+ Kd8 37. b4 Ra4 38. c6 g5 39. Kf2 Kc8 40. Ke3 e5
41. b5 Rb4 42. Kd3 Rb3+ 43. Kc2 Rb4 44. Kc3 Rb1 45. g4 e4 46. Kd4 Rd1+ 47. Kc5
e3 48. Kb6 Rc1 49. Re7 1-0

[Event "MA7 Gruppe 3"]
[Site "Koge"]
[Date "2004.04.08"]
[Round "3"]
[White "Nielsen, Thomas"]
[Black "Ronsted, Torben"]
[Result "0-1"]
[WhiteElo "1889"]
[BlackElo "1936"]
[PlyCount "64"]
[EventDate "2004.04.06"]
[EventType "tourn"]
[EventRounds "7"]
[EventCountry "DEN"]

1. c4 e5 2. Nc3 Nf6 3. g3 Bc5 4. Bg2 O-O 5. e3 a6 6. Nge2 d6 7. O-O Nc6 8. d4
exd4 9. exd4 Ba7 10. h3 Bf5 11. Be3 Qd7 12. Kh2 Rae8 13. a3 Na5 14. b3 b5 15.
cxb5 axb5 16. Rc1 Re7 17. Nf4 c6 18. g4 Bxg4 19. hxg4 Nxg4+ 20. Kg3 Rxe3+ 21.
fxe3 Nxe3 22. Bh3 Qd8 23. Qh5 Nxf1+ 24. Rxf1 Bxd4 25. Ne4 Be5 26. Kg2 g6 27.
Qf3 Qe7 28. Nd3 f5 29. Nxe5 fxe4 30. Be6+ Kg7 31. Qc3 Rxf1 32. Kxf1 Qf6+ 0-1

[Event "MA7 Gruppe 3"]
[Site "Koge"]
[Date "2004.04.09"]
[Round "4"]
[White "Christiansen, Erling Molbaek"]
[Black "Ronsted, Torben"]
[Result "0-1"]
[WhiteElo "1893"]
[BlackElo "1936"]
[PlyCount "102"]
[EventDate "2004.04.06"]
[EventType "tourn"]
[EventRounds "7"]
[EventCountry "DEN"]

1. e4 c6 2. d4 d5 3. e5 Bf5 4. Bd3 Bxd3 5. Qxd3 e6 6. c3 c5 7. Ne2 Nc6 8. a3
Nge7 9. O-O h5 10. f4 Nf5 11. Nd2 Qb6 12. Nf3 a5 13. b3 Be7 14. Bd2 g6 15. Kh1
O-O 16. dxc5 Bxc5 17. b4 axb4 18. axb4 Be3 19. b5 Na5 20. Ned4 Bxd4 21. cxd4
Nc4 22. Rab1 Ra3 23. Qc2 Rfa8 24. Qc1 Nxd4 25. Bb4 Ra2 26. Nxd4 Qxd4 27. Qc3
Qxc3 28. Bxc3 Ne3 29. Rg1 Ng4 30. h4 R8a3 31. Rgc1 Nf2+ 32. Kh2 Nd3 33. Bb4
Nxc1 34. Bxa3 Rxa3 35. Rxc1 Rb3 36. Kg1 Rxb5 37. Kf2 Rb4 38. Ke3 Kf8 39. Rc8+
Ke7 40. Rc7+ Ke8 41. Rc8+ Kd7 42. Rf8 Ke7 43. Rc8 Rc4 44. Rb8 Rc7 45. f5 gxf5
46. Rh8 b5 47. Rb8 Rc5 48. Rb7+ Kf8 49. Kf4 Kg7 50. Kg5 d4 51. Kf4 Rd5 0-1

[Event "MA7 Gruppe 3"]
[Site "Koge"]
[Date "2004.04.09"]
[Round "4"]
[White "Vedelfort, Tommy"]
[Black "Nielsen, Thomas"]
[Result "1-0"]
[WhiteElo "1907"]
[BlackElo "1889"]
[PlyCount "77"]
[EventDate "2004.04.06"]
[EventType "tourn"]
[EventRounds "7"]
[EventCountry "DEN"]

1. d4 d5 2. c4 e6 3. Nc3 c5 4. cxd5 exd5 5. Nf3 Nc6 6. e3 Nf6 7. Be2 Be7 8.
dxc5 Bxc5 9. O-O O-O 10. a3 a6 11. b4 Ba7 12. Bb2 Re8 13. Re1 Bg4 14. Nd4 Bxe2
15. Ncxe2 Ne4 16. Nf5 Ne5 17. Neg3 Nxg3 18. Nxg3 Qd7 19. Qh5 g6 20. Qh6 f6 21.
Red1 Qe6 22. Bd4 Ng4 23. Qf4 Bxd4 24. Rxd4 f5 25. Rad1 Rad8 26. h4 Rd7 27. h5
Rc8 28. hxg6 hxg6 29. Qf3 Nf6 30. Rh4 Rc4 31. Rdd4 Rc1+ 32. Rd1 Rc3 33. Ne2
Rxa3 34. Nf4 Qf7 35. Qh3 Qg7 36. Ne6 Qe7 37. Rh8+ Kf7 38. Ng5+ Kg7 39. Qh6# 1-0

[Event "MA7 Gruppe 3"]
[Site "Koge"]
[Date "2004.04.09"]
[Round "4"]
[White "Steenstrup, Svend"]
[Black "Linneboe, Rune"]
[Result "1/2-1/2"]
[WhiteElo "1967"]
[BlackElo "1900"]
[PlyCount "26"]
[EventDate "2004.04.06"]
[EventType "tourn"]
[EventRounds "7"]
[EventCountry "DEN"]

1. e4 c5 2. Nf3 Nc6 3. Bb5 g6 4. c3 e5 5. d4 exd4 6. cxd4 cxd4 7. O-O Bg7 8. e5
Nge7 9. Bg5 O-O 10. Re1 a6 11. Bxc6 dxc6 12. Qxd4 Qxd4 13. Nxd4 Nd5 1/2-1/2

[Event "MA7 Gruppe 3"]
[Site "Koge"]
[Date "2004.04.09"]
[Round "4"]
[White "Dahl Andersen, Henrik"]
[Black "Gronhoj, Benny"]
[Result "0-1"]
[WhiteElo "1902"]
[BlackElo "1976"]
[PlyCount "80"]
[EventDate "2004.04.06"]
[EventType "tourn"]
[EventRounds "7"]
[EventCountry "DEN"]

1. e4 c5 2. Nf3 e6 3. d4 cxd4 4. Nxd4 Nf6 5. Nc3 Nc6 6. Ndb5 Bb4 7. a3 Bxc3+ 8.
Nxc3 d5 9. exd5 exd5 10. Bd3 h6 11. O-O O-O 12. Bf4 Be6 13. Re1 Qb6 14. Qd2
Rad8 15. Bxh6 Ne4 16. Rxe4 dxe4 17. Qg5 Qd4 18. Nxe4 Qe5 19. f4 Qxg5 20. Bxg5
Rd4 21. Nc5 Bc8 22. f5 Rd5 23. b4 Re8 24. Rf1 Nd4 25. c4 Rde5 26. g4 Re1 27.
Kf2 Rxf1+ 28. Kxf1 Nf3 29. Bf4 Ne5 30. Be2 b6 31. Na4 Bb7 32. c5 Bf3 33. Bxf3
Nxf3 34. cxb6 axb6 35. Nxb6 Nd4 36. a4 Re4 37. Nd5 Nc2 38. b5 Nb4 39. Nxb4
Rxf4+ 40. Ke2 Rxb4 0-1

[Event "MA7 Gruppe 3"]
[Site "Koge"]
[Date "2004.04.10"]
[Round "5"]
[White "Gronhoj, Benny"]
[Black "Christiansen, Erling Molbaek"]
[Result "0-1"]
[WhiteElo "1976"]
[BlackElo "1893"]
[PlyCount "205"]
[EventDate "2004.04.06"]
[EventType "tourn"]
[EventRounds "7"]
[EventCountry "DEN"]

1. e4 e5 2. Nf3 Nc6 3. Bb5 Nd4 4. Nxd4 exd4 5. O-O Bc5 6. Be2 Ne7 7. d3 O-O 8.
Nd2 d6 9. f4 f5 10. Nf3 fxe4 11. dxe4 d3+ 12. Kh1 dxe2 13. Qxe2 Kh8 14. Qc4 Qe8
15. b4 Bb6 16. Bb2 Rxf4 17. Ng5 d5 18. Qd3 Ng6 19. Qxd5 h6 20. Nf3 c6 21. Qh5
Kg8 22. Ne5 Rxf1+ 23. Rxf1 Kh7 24. Rf7 Qe6 25. Nf3 Qxf7 26. Ng5+ Kg8 27. Nxf7
Kxf7 28. Qf3+ Ke8 29. Bxg7 Be6 30. Bf6 Bd8 31. e5 Bxf6 32. Qxf6 Nf8 33. Qxh6
Rd8 34. h4 Bxa2 35. Kh2 Rd7 36. Qf4 Rf7 37. Qd4 a6 38. c4 Ne6 39. Qd3 Rf4 40.
Qg6+ Ke7 41. g3 Rxc4 42. Qf6+ Kd7 43. Qf7+ Kd8 44. Qxb7 Rc2+ 45. Kh3 Bc4 46.
Qb8+ Ke7 47. Qd6+ Kf7 48. Qd1 Rf2 49. g4 Bd5 50. g5 Rf3+ 51. Kg4 Rf4+ 52. Kg3
Kg6 53. Qd3+ Be4 54. Qxa6 Rf3+ 55. Kh2 Rf2+ 56. Kg1 Rg2+ 57. Kf1 Nf4 58. Qc8
Bd3+ 59. Ke1 Bb5 60. Qe8+ Kf5 61. Qd7+ Kxe5 62. Qe7+ Kf5 63. Kd1 Kg4 64. Qe4
Be2+ 65. Kc1 Bf3 66. Qd4 Kf5 67. Qf6+ Kg4 68. g6 Ne2+ 69. Kb2 Nf4+ 70. Ka1 Rg1+
71. Ka2 Rg2+ 72. Kb3 Bd1+ 73. Ka3 Rg3+ 74. Ka2 Rg2+ 75. Ka1 Bb3 76. g7 Bd5 77.
Qd4 Kf5 78. Qe3 Rxg7 79. Qd4 Rh7 80. Qf2 Kg4 81. Qg1+ Kxh4 82. Qh2+ Nh3 83. Qc2
Rg7 84. Qf5 Rg4 85. b5 Ra4+ 86. Kb2 Rb4+ 87. Kc3 Rxb5 88. Qf1 Ng5 89. Qf2+ Kh5
90. Qh2+ Kg6 91. Qd6+ Kg7 92. Qe7+ Nf7 93. Qh4 Rb3+ 94. Kd2 Rf3 95. Ke2 Rf5 96.
Qg4+ Kf6 97. Qh4+ Ke5 98. Qh8+ Ke4 99. Qe8+ Kd4 100. Qh8+ Kc4 101. Qb8 Bf3+
102. Kd2 Rd5+ 103. Kc2 0-1

[Event "MA7 Gruppe 3"]
[Site "Koge"]
[Date "2004.04.10"]
[Round "5"]
[White "Linneboe, Rune"]
[Black "Dahl Andersen, Henrik"]
[Result "1-0"]
[WhiteElo "1900"]
[BlackElo "1902"]
[PlyCount "40"]
[EventDate "2004.04.06"]
[EventType "tourn"]
[EventRounds "7"]
[EventCountry "DEN"]

1. e4 c5 2. Nf3 d6 3. d4 cxd4 4. Nxd4 Nf6 5. Nc3 a6 6. Bg5 e6 7. f4 Be7 8. Qf3
Qc7 9. O-O-O Nbd7 10. Bd3 b5 11. Rhe1 Bb7 12. Nd5 Nxd5 13. exd5 Bxd5 14. Qxd5
exd5 15. Rxe7+ Kf8 16. Bf5 Rd8 17. Be6 f6 18. Nf5 Rg8 19. Rxd5 fxg5 20. Rf7+
Ke8 1-0

[Event "MA7 Gruppe 3"]
[Site "Koge"]
[Date "2004.04.10"]
[Round "5"]
[White "Nielsen, Thomas"]
[Black "Steenstrup, Svend"]
[Result "1/2-1/2"]
[WhiteElo "1889"]
[BlackElo "1967"]
[PlyCount "138"]
[EventDate "2004.04.06"]
[EventType "tourn"]
[EventRounds "7"]
[EventCountry "DEN"]

1. d4 d5 2. c4 c6 3. Nf3 Nf6 4. Nc3 a6 5. e3 b5 6. b3 Bg4 7. Bd3 e6 8. h3 Bh5
9. O-O Bd6 10. e4 e5 11. exd5 O-O 12. Ne4 cxd5 13. Nxd6 Bxf3 14. Qxf3 Qxd6 15.
dxe5 Qxe5 16. Bf4 Qh5 17. g4 Qh4 18. cxd5 Nbd7 19. Kg2 h5 20. g5 Nh7 21. Bxh7+
Kxh7 22. Qd3+ f5 23. Qg3 Qxg3+ 24. fxg3 Rac8 25. Rac1 Nc5 26. Bd6 Nd3 27. Rc6
Rfe8 28. Rxf5 Re2+ 29. Kg1 Rce8 30. Rc3 Kg6 31. Rf3 Rd2 32. g4 Re1+ 33. Rf1
Ree2 34. gxh5+ Kxh5 35. Bf4 Rg2+ 36. Kh1 Nxf4 37. Rxf4 Rh2+ 38. Kg1 Rdg2+ 39.
Kf1 Rxa2 40. Kg1 Rhd2 41. Rc5 Rg2+ 42. Kh1 Rgb2 43. Kg1 Rxb3 44. Rf2 Rb1+ 45.
Kg2 Raa1 46. Rd2 Rd1 47. Rcc2 b4 48. d6 b3 49. Rb2 Rxd2+ 50. Rxd2 Ra2 51. Rf2
Rxf2+ 52. Kxf2 b2 53. d7 b1=Q 54. d8=Q Qf5+ 55. Ke2 Qxg5 56. Qh8+ Kg6 57. Qe8+
Kh7 58. Qe4+ Kh6 59. Qe6+ Qf6 60. Qe3+ Kh5 61. Qe8+ g6 62. Qe3 Qf5 63. Qc3 Qe4+
64. Kf2 Qh4+ 65. Kg2 Qg5+ 66. Kf2 Qh4+ 67. Ke2 Qe7+ 68. Kf2 Qf7+ 69. Ke1 Qe8+
1/2-1/2

[Event "MA7 Gruppe 3"]
[Site "Koge"]
[Date "2004.04.10"]
[Round "5"]
[White "Ronsted, Torben"]
[Black "Vedelfort, Tommy"]
[Result "1/2-1/2"]
[WhiteElo "1936"]
[BlackElo "1907"]
[PlyCount "57"]
[EventDate "2004.04.06"]
[EventType "tourn"]
[EventRounds "7"]
[EventCountry "DEN"]

1. d4 Nf6 2. c4 d6 3. Nc3 g6 4. e4 Bg7 5. Be2 O-O 6. Bg5 Nbd7 7. Qd2 a6 8. f3
c5 9. d5 Qa5 10. h4 b5 11. cxb5 axb5 12. Bxb5 Ne5 13. Nge2 Ba6 14. a4 Bxb5 15.
Nxb5 Qxd2+ 16. Kxd2 Nc4+ 17. Kc2 h6 18. Bc1 Rfb8 19. Nec3 Nd7 20. Rb1 Na5 21.
Nc7 Ra7 22. N3b5 Rab7 23. Re1 Nb6 24. Bd2 Nbc4 25. Bxa5 Nxa5 26. b3 Rc8 27. Na6
Ra8 28. Nac7 Rc8 29. Na6 1/2-1/2

[Event "MA7 Gruppe 3"]
[Site "Koge"]
[Date "2004.04.11"]
[Round "6"]
[White "Christiansen, Erling Molbaek"]
[Black "Vedelfort, Tommy"]
[Result "1/2-1/2"]
[WhiteElo "1893"]
[BlackElo "1907"]
[PlyCount "88"]
[EventDate "2004.04.06"]
[EventType "tourn"]
[EventRounds "7"]
[EventCountry "DEN"]

1. e4 e6 2. d4 d5 3. e5 c5 4. c3 Nc6 5. Nf3 Nge7 6. Na3 a6 7. Nc2 Ng6 8. Bd3
Qc7 9. O-O Bd7 10. b3 cxd4 11. cxd4 Rc8 12. Bd2 Be7 13. Rc1 O-O 14. Kh1 f5 15.
Ng1 Qb6 16. Ne2 a5 17. f4 Nb4 18. Bxb4 Bxb4 19. Nxb4 Qxb4 20. Qe1 Qa3 21. Qd2
Ne7 22. h3 Nc6 23. Bb1 a4 24. bxa4 Qxa4 25. Rc3 Na5 26. Rfc1 Rxc3 27. Rxc3 Nc4
28. Qc2 Qa6 29. Ng1 Na3 30. Qc1 Nxb1 31. Qxb1 Bc6 32. a3 Ra8 33. Qc1 Qb6 34.
Nf3 h6 35. Kh2 Kf7 36. g4 g6 37. Kg3 Ra5 38. gxf5 gxf5 39. Qd1 Rb5 40. Nh4 Be8
41. Qh5+ Ke7 42. Qxh6 Rb3 43. Qf6+ Kd7 44. Qg7+ Kd8 1/2-1/2

[Event "MA7 Gruppe 3"]
[Site "Koge"]
[Date "2004.04.11"]
[Round "6"]
[White "Steenstrup, Svend"]
[Black "Ronsted, Torben"]
[Result "1/2-1/2"]
[WhiteElo "1967"]
[BlackElo "1936"]
[PlyCount "26"]
[EventDate "2004.04.06"]
[EventType "tourn"]
[EventRounds "7"]
[EventCountry "DEN"]

1. e4 c6 2. d4 d5 3. Nc3 dxe4 4. Nxe4 Nf6 5. Nxf6+ gxf6 6. Nf3 Bf5 7. g3 Qd5 8.
c4 Qe4+ 9. Be3 e6 10. Be2 Bh3 11. Rg1 Bb4+ 12. Nd2 Qg6 13. Bh5 Qd3 1/2-1/2

[Event "MA7 Gruppe 3"]
[Site "Koge"]
[Date "2004.04.11"]
[Round "6"]
[White "Dahl Andersen, Henrik"]
[Black "Nielsen, Thomas"]
[Result "0-1"]
[WhiteElo "1902"]
[BlackElo "1889"]
[PlyCount "90"]
[EventDate "2004.04.06"]
[EventType "tourn"]
[EventRounds "7"]
[EventCountry "DEN"]

1. e4 c6 2. d4 d5 3. exd5 cxd5 4. c4 Nf6 5. Nc3 e6 6. Nf3 Nc6 7. c5 Be7 8. Bb5
O-O 9. O-O Bd7 10. Bg5 b6 11. Bxc6 Bxc6 12. Ne5 Rc8 13. b4 bxc5 14. bxc5 Qa5
15. Qd3 Rfe8 16. Rfe1 Nd7 17. Nxc6 Rxc6 18. Bxe7 Rxe7 19. Nxd5 Re8 20. Nc3 Nf6
21. Rab1 Rd8 22. Qc4 a6 23. h3 Rcc8 24. Re2 Rb8 25. Reb2 Rxb2 26. Rxb2 h6 27.
Rb6 Ne4 28. Nxe4 Qe1+ 29. Kh2 Qxe4 30. Qxa6 Rxd4 31. Rb8+ Kh7 32. Rb3 Qf4+ 33.
Rg3 Qxf2 34. c6 Rd1 35. Rf3 Qg1+ 36. Kg3 Qe1+ 37. Kh2 Qe5+ 38. Rg3 h5 39. h4
Qe1 40. Rh3 Qg1+ 41. Kg3 Qe3+ 42. Kh2 Qf4+ 43. Rg3 Qxh4+ 44. Rh3 Qf4+ 45. Rg3
h4 0-1

[Event "MA7 Gruppe 3"]
[Site "Koge"]
[Date "2004.04.11"]
[Round "6"]
[White "Gronhoj, Benny"]
[Black "Linneboe, Rune"]
[Result "1-0"]
[WhiteElo "1976"]
[BlackElo "1900"]
[PlyCount "65"]
[EventDate "2004.04.06"]
[EventType "tourn"]
[EventRounds "7"]
[EventCountry "DEN"]

1. e4 c5 2. Nf3 Nc6 3. d4 cxd4 4. Nxd4 g6 5. Be3 Nf6 6. Nc3 Bg7 7. Nxc6 bxc6 8.
e5 Nd5 9. Nxd5 cxd5 10. Qxd5 Rb8 11. Bc4 e6 12. Qc5 Rb6 13. Bb5 Ba6 14. Bxa6
Rxa6 15. Bd2 Rc6 16. Qxa7 Bxe5 17. c3 O-O 18. O-O d5 19. Rfe1 Qd6 20. g3 d4 21.
Qa5 Rc5 22. Qa3 dxc3 23. Bxc3 Bxc3 24. bxc3 Qc6 25. Re3 Rc8 26. Rd1 Rxc3 27.
Rxc3 Qxc3 28. Rd8+ Kg7 29. Qf8+ Kf6 30. Qh8+ Kg5 31. h4+ Kg4 32. Rxc8 Qf3 33.
Qc3 1-0

[Event "MA7 Gruppe 3"]
[Site "Koge"]
[Date "2004.04.12"]
[Round "7"]
[White "Linneboe, Rune"]
[Black "Christiansen, Erling Molbaek"]
[Result "1-0"]
[WhiteElo "1900"]
[BlackElo "1893"]
[PlyCount "69"]
[EventDate "2004.04.06"]
[EventType "tourn"]
[EventRounds "7"]
[EventCountry "DEN"]

1. Nf3 f5 2. c4 Nf6 3. d4 e6 4. Bg5 Be7 5. Nc3 O-O 6. Qc2 b6 7. e3 Bb7 8. Bd3
d6 9. d5 Nxd5 10. Nxd5 exd5 11. Bxe7 Qxe7 12. Bxf5 g6 13. Bd3 c5 14. O-O-O Nc6
15. cxd5 Nb4 16. Qb3 Bxd5 17. Bc4 Bxc4 18. Qxc4+ d5 19. Qb3 c4 20. Qa3 a5 21.
Rd4 Qf6 22. Rhd1 b5 23. Rf4 Qg7 24. Rxf8+ Qxf8 25. Kd2 Qf5 26. Ke2 g5 27. Kf1
Nd3 28. Qe7 Rf8 29. Rd2 Nxf2 30. Rxf2 h6 31. Qe5 Qd3+ 32. Kg1 b4 33. Qe6+ Kg7
34. Qe7+ Kg8 35. Qxf8+ 1-0

[Event "MA7 Gruppe 3"]
[Site "Koge"]
[Date "2004.04.12"]
[Round "7"]
[White "Nielsen, Thomas"]
[Black "Gronhoj, Benny"]
[Result "1/2-1/2"]
[WhiteElo "1889"]
[BlackElo "1976"]
[PlyCount "126"]
[EventDate "2004.04.06"]
[EventType "tourn"]
[EventRounds "7"]
[EventCountry "DEN"]

1. d4 f5 2. c4 Nf6 3. Nc3 e6 4. Nf3 Bb4 5. Qb3 a5 6. Bg5 O-O 7. g3 Qe8 8. Bf4
d6 9. Bg2 Ne4 10. O-O Bxc3 11. bxc3 Nc6 12. Nd2 Nxd2 13. Bxd2 Nd8 14. f4 Bd7
15. e4 Bc6 16. d5 Ba4 17. Qb2 Bd7 18. Rae1 Qg6 19. exf5 exf5 20. Re7 Rf7 21.
Rfe1 b6 22. Rxf7 Qxf7 23. Be3 Nb7 24. Bd4 Re8 25. Qd2 Rxe1+ 26. Qxe1 Qe8 27.
Qd1 Ba4 28. Qd2 Nc5 29. Bf3 Ne4 30. Qe2 Nc5 31. Qd2 Qe7 32. Kg2 Be8 33. h3 Bg6
34. Qd1 Qe8 35. Qd2 Bh5 36. Bxh5 Qxh5 37. Bxc5 bxc5 38. Qe1 Qf7 39. Qb1 h6 40.
Qb8+ Kh7 41. Qd8 a4 42. Qc8 a3 43. Kf2 Qh5 44. h4 Qf7 45. Qa8 Qe7 46. Qxa3 Qe4
47. Qb3 Qd3 48. a4 Qd2+ 49. Kf3 Qe1 50. Qc2 Qh1+ 51. Ke3 g6 52. Qe2 Kg7 53. Kd2
Kf8 54. Qe6 Qg2+ 55. Kc1 Qxg3 56. Qc8+ Ke7 57. Qxc7+ Ke8 58. Qc8+ Kf7 59. Qe6+
Kg7 60. Qe7+ Kg8 61. Qe8+ Kg7 62. Qe7+ Kg8 63. Qe8+ Kg7 1/2-1/2